01329nam a2200361Ia 4500001001200000003000800012006001900020007001500039008004100054010001700095020001800112020001500130020001800145020001500163040002100178035002100199050002900220082001800249100001700267245006300284260005800347300001700405490002800422504006400450533015200514600004100666650004600707655002900753710001700782830002900799856012600828999001300954ebr10288503CaPaEBRm u cr cn|||||||||081106s2009 enk sb 001 0deng d z 2008047344 z9780195384369 z0195384369 z9780195384376 z0195384377 aCaPaEBRcCaPaEBR a(OCoLC)36825577814aBX4705.H786bR674 2009eb04a230/.20922221 aRorem, Paul.10aHugh of Saint Victorh[electronic resource] /cPaul Rorem. aOxford ;aNew York :bOxford University Press,c2009. axiii, 235 p.1 aGreat medieval thinkers aIncludes bibliographical references (p. 215-231) and index. aElectronic reproduction.bPalo Alto, Calif. :cebrary,d2011.nAvailable via World Wide Web.nAccess may be limited to ebrary affiliated libraries.00aHugh,cof Saint-Victor,d1096?-1141. 0aTheologyxHistoryyMiddle Ages, 600-1500. 7aElectronic books.2local2 aebrary, Inc. 0aGreat medieval thinkers.40uhttp://site.ebrary.com/lib/rucke/Doc?id=10288503zAn electronic book accessible through the World Wide Web; click to view c488d488